| 000 | 01018nas a2200313 4500 | ||
|---|---|---|---|
| 001 | BR6600288 | ||
| 003 | BR-BrBNA | ||
| 005 | 20240408162114.0 | ||
| 007 | ta | ||
| 008 | 230509b bl.|||p| |||| 00| 00por d | ||
| 040 |
_aBR-BrBNA _bpor _cBiblioteca Nacional de Agricultura |
||
| 041 | _a(Pt) | ||
| 072 | _aF21 | ||
| 100 | 1 | _aDobereiner, J. | |
| 100 | 1 | _aArruda, N.B. de | |
| 100 | 1 | _aPenteado, A. de F. | |
| 245 | 1 | _aAvaliacao da fixacao do nitrogenio em leguminosas, pela regressao do nitrogenio total das plantas sobre o peso dos nodulos [soja, Glycine max, feijao, Phaseolus vulgaris, centrosema] | |
| 650 | _aLEGUMINOSA | ||
| 650 | _aFIXACAO DE NITROGENIO | ||
| 650 | _aSOLO | ||
| 650 | _aSEMENTE | ||
| 650 | _aNODULO | ||
| 650 | _aSOJA | ||
| 650 | _aFEIJAO | ||
| 650 | _aCENTROSEMA | ||
| 773 | 0 |
_tPesquisa Agropecuaria Brasileira (Brazil) _xISSN 0100-204X _g(1966), v.1 p. 233-237 _wBR6600288 |
|
| 856 | _uhttps://seer.sct.embrapa.br/index.php/pab/article/view/18023/12087 | ||
| 942 |
_2AGRIS _n0 _cANA |
||
| 999 |
_c90145 _d90145 |
||